Foundations for the future (Record no. 66149)
[ view plain ]
| 000 -LEADER | |
|---|---|
| fixed length control field | 01176cam a2200241 4500 |
| 001 - CONTROL NUMBER | |
| control field | ABS63573 |
| 008 - FIXED-LENGTH DATA ELEMENTS--GENERAL INFORMATION | |
| fixed length control field | 000000n2001 000 0 eng u |
| 035 ## - SYSTEM CONTROL NUMBER | |
| System control number | (Sirsi) u110991 |
| 245 ## - TITLE STATEMENT | |
| Title | Foundations for the future |
| 260 ## - PUBLICATION, DISTRIBUTION, ETC. | |
| Date of publication, distribution, etc. | 2001 |
| 490 ## - SERIES STATEMENT | |
| Series statement | Housing |
| Volume/sequential designation | February 2001, 30-31(2) |
| 520 ## - SUMMARY, ETC. | |
| Summary, etc. | Highlights the main areas covered by the Housing (Scotland) Bill which concentrates on social housing. The main areas covered by the Bill include: a new homelessness framework and allocation of housing (Sections 1-8); introduction of a single tenancy (Sections 9-35); reforms to the Right to Buy for new tenants (Sections 36-44); rights for tenants and a duty on landlords to prepare a strategy for tenant participation (Sections 45-48); a single framework for the regulation of social landlords, and the transfer of Scottish Homes duties to an new Executive Agency (Sections 49-78). |
| 590 ## - LOCAL NOTE (RLIN) | |
| Local note | ABS |
| 650 ## - SUBJECT ADDED ENTRY--TOPICAL TERM | |
| Topical term or geographic name entry element | SINGLE TENURE |
| 650 ## - SUBJECT ADDED ENTRY--TOPICAL TERM | |
| Topical term or geographic name entry element | SCOTLAND |
| 650 ## - SUBJECT ADDED ENTRY--TOPICAL TERM | |
| Topical term or geographic name entry element | RIGHT TO BUY |
| 650 ## - SUBJECT ADDED ENTRY--TOPICAL TERM | |
| Topical term or geographic name entry element | LOCAL AUTHORITIES |
| 650 ## - SUBJECT ADDED ENTRY--TOPICAL TERM | |
| Topical term or geographic name entry element | TENANT PARTICIPATION |
| 650 ## - SUBJECT ADDED ENTRY--TOPICAL TERM | |
| Topical term or geographic name entry element | HOUSING SCOTLAND BILL |
| 650 ## - SUBJECT ADDED ENTRY--TOPICAL TERM | |
| Topical term or geographic name entry element | HOMELESSNESS |
| 690 ## - LOCAL SUBJECT ADDED ENTRY--TOPICAL TERM (OCLC, RLIN) | |
| Topical term or geographic name as entry element | Affordable housing |
| 9 (RLIN) | 6215 |
| 942 ## - ADDED ENTRY ELEMENTS (KOHA) | |
| Suppress in OPAC | 0 |
| Withdrawn status | Lost status | Source of classification or shelving scheme | Damaged status | Not for loan | Home library | Current library | Shelving location | Date acquired | Total Checkouts | Full call number | Barcode | Date last seen | Copy number | Price effective from | Koha item type |
|---|---|---|---|---|---|---|---|---|---|---|---|---|---|---|---|
| Dewey Decimal Classification | London | London | Journal article | 19/02/2001 | ABS63573 | 110991-1001 | 06/08/2019 | 1 | 06/08/2019 | Journal article |